| 000 | 00000nam 2200000za 4500 |
| 001 | 9.822572 |
| 003 | CaOODSP |
| 005 | 20221107143716 |
| 007 | cr ||||||||||| |
| 008 | 160815s2007 qucabo o f000 0 eng d |
| 020 | |z978-0-662-49892-6 |
| 040 | |aCaOODSP|beng |
| 043 | |an-cn--- |
| 086 | 1 |aR64-105/73-2007E-PDF|zR64-105/73-2007 |
| 110 | 2 |aParks Canada. |
| 245 | 10|aBattle of Tourond's Coulee/Fish Creek National Historic Site of Canada |h[electronic resource] : |bmanagement plan. |
| 260 | |a[Gatineau, QC] : |bParks Canada, |cc2007. |
| 300 | |avi, 21 p. : |bill., maps |
| 500 | |aIssued also in French under title: Lieu historique national du Canada de la Bataille-de-la-Coulée-des-Tourond/Fish Creek : plan directeur. |
| 500 | |a"October 2007.” |
| 530 | |aIssued also in printed form. |
| 692 | 07|2gccst|aHistoric sites |
| 692 | 07|2gccst|aManagement |
| 692 | 07|2gccst|aPlanning |
| 775 | 08|tLieu historique national du Canada de la Bataille-de-la-Coulée-des-Tourond/Fish Creek |w(CaOODSP)9.822573 |
| 776 | 0#|tBattle of Tourond's Coulee / Fish Creek National Historic Site of Canada - management plan |w(CaOODSP)9.668461 |
| 856 | 40|qPDF|s5.53 MB|uhttps://publications.gc.ca/collections/collection_2016/pc/R64-105-73-2007-eng.pdf |